[Event "HZ Chess Tournament 2023"]
[Site "Vlissingen, Netherlands"]
[Date "2023.08.06"]
[Round "2.12"]
[White "Tibke, Jonas"]
[Black "Maatman, Nick"]
[Result "0-1"]
[WhiteElo "1996"]
[BlackElo "2362"]
[PlyCount "94"]

1. e4 c5 2. c3 Nf6 3. e5 Nd5 4. d4 cxd4 5. cxd4 d6 6. Nf3 Nc6 7. Qb3 e6 8. Bb5
Be7 9. Nc3 Nxc3 10. bxc3 O-O 11. exd6 Qxd6 12. a4 Qc7 13. Ba3 Na5 14. Qc2 Bxa3
15. Rxa3 Nc4 16. Bxc4 Qxc4 17. Ne5 Qd5 18. O-O b6 19. f4 Ba6 20. Rfa1 Rac8 21.
a5 b5 22. Qb2 Bb7 23. a6 Ba8 24. Rb3 Qe4 25. Nd7 Rfd8 26. Nc5 Qxf4 27. Rxb5 e5
28. Nb7 Qe3+ 29. Qf2 Qxc3 30. Rf1 Rf8 31. dxe5 Qd3 32. Rc5 Rxc5 33. Nxc5 Qd5
34. e6 f6 35. Qc2 Rc8 36. Rd1 Qe5 37. Qc4 h5 38. e7+ Kh7 39. Qd3+ f5 40. Qd8
Qxc5+ 41. Kf1 Bc6 42. Ke2 Qe5+ 43. Kd2 Rb8 44. Rc1 Qf4+ 45. Kc2 Qf2+ 46. Kd3
Be4+ 47. Kc4 Qa2+ 0-1

[Event "HZ Chess Tournament 2023"]
[Site "Vlissingen, Netherlands"]
[Date "2023.08.06"]
[Round "2.13"]
[White "Pham, Khoi"]
[Black "Song, Ethan"]
[Result "1-0"]
[WhiteElo "2361"]
[BlackElo "2027"]
[PlyCount "139"]

1. d4 Nf6 2. c4 e6 3. g3 d5 4. Bg2 Be7 5. Nf3 O-O 6. O-O dxc4 7. Qc2 a6 8. a4
Bd7 9. Qxc4 Bc6 10. Bg5 Nbd7 11. Nc3 h6 12. Bxf6 Nxf6 13. a5 Bd5 14. Qd3 c5 15.
e4 Bc6 16. Rfd1 Qc7 17. e5 Nd5 18. Qc4 Nxc3 19. Qxc3 Bd5 20. b4 c4 21. Ne1 Qc6
22. Bxd5 Qxd5 23. Nc2 Rac8 24. Ne3 Qf3 25. d5 exd5 26. Rd4 Bg5 27. Nxd5 Qxc3
28. Nxc3 Rfd8 29. Nd5 c3 30. f4 c2 31. Rc1 Rc7 32. Nxc7 Rxd4 33. Rxc2 Bd8 34.
b5 Rd1+ 35. Kg2 axb5 36. Nxb5 Bxa5 37. Nd6 Rd2+ 38. Rxd2 Bxd2 39. Nxb7 Kf8 40.
Nd6 Bb4 41. Nf5 h5 42. Kf3 g6 43. Nd4 Kg7 44. Ke4 Be1 45. f5 gxf5+ 46. Kxf5 h4
47. g4 h3 48. Ne2 Bf2 49. g5 Be3 50. Kg4 Kf8 51. Nf4 Bd4 52. Nd3 Be3 53. Ne1
Kg7 54. Nf3 Kg6 55. Nh4+ Kh7 56. g6+ fxg6 57. Kxh3 Bf4 58. Nf3 Kg7 59. Kg4 Be3
60. Ne1 Kf7 61. Kf3 Bh6 62. Ke4 Bf8 63. h3 Be7 64. Nf3 Bd8 65. Kd5 g5 66. Kd6
Kg6 67. e6 Bf6 68. Ne5+ Kh5 69. Kd7 Kh4 70. Ng4 1-0

[Event "HZ Chess Tournament 2023"]
[Site "Vlissingen, Netherlands"]
[Date "2023.08.06"]
[Round "2.14"]
[White "Verhoeven, Robin"]
[Black "Van Delft, Merijn"]
[Result "0-1"]
[WhiteElo "1992"]
[BlackElo "2369"]
[PlyCount "52"]

1. e4 c5 2. Nf3 d6 3. d4 cxd4 4. Nxd4 Nf6 5. Nc3 a6 6. Bg5 Nbd7 7. f4 Qc7 8.
Qf3 b5 9. O-O-O Bb7 10. Bd3 Qb6 11. Bxf6 Nxf6 12. Rhe1 g6 13. Qe2 Bh6 14. Qf3
O-O 15. Nde2 b4 16. Nd5 Nxd5 17. exd5 Qc5 18. Qe4 e5 19. Bc4 Rfe8 20. Kb1 Rac8
21. Bb3 exf4 22. Qf3 Re3 23. Qf2 Rce8 24. Ba4 R8e5 25. Qh4 Bg5 26. Qg4 Bc8 0-1

[Event "HZ Chess Tournament 2023"]
[Site "Vlissingen, Netherlands"]
[Date "2023.08.06"]
[Round "2.15"]
[White "Grutter, Tim"]
[Black "Verwoert, Jef"]
[Result "1-0"]
[WhiteElo "2300"]
[BlackElo "2023"]
[PlyCount "59"]

1. e4 Nc6 2. Nf3 e5 3. Bb5 Nf6 4. d3 d6 5. c4 Be7 6. Nc3 O-O 7. h3 a6 8. Ba4
Nd4 9. Nxd4 exd4 10. Ne2 c5 11. O-O Ne8 12. Ng3 f5 13. Nxf5 Bxf5 14. exf5 Rxf5
15. Qg4 Rf7 16. b4 Nf6 17. Qf3 Qc8 18. Rb1 cxb4 19. Bb3 Rf8 20. Re1 Qd7 21. Bb2
a5 22. a4 bxa3 23. Bxa3 Kh8 24. Bc2 Rab8 25. Rb5 b6 26. Ba4 Qc7 27. Qg3 Rfd8
28. Bb2 Bf8 29. Bxd4 Nd7 30. Re7 1-0

[Event "HZ Chess Tournament 2023"]
[Site "Vlissingen, Netherlands"]
[Date "2023.08.06"]
[Round "2.16"]
[White "Rodriguez Fontecha, Marcos"]
[Black "Boulahfa, Hicham"]
[Result "1-0"]
[WhiteElo "2309"]
[BlackElo "2001"]
[PlyCount "79"]

1. d4 Nf6 2. Nf3 e6 3. c4 b6 4. g3 Bb7 5. Bg2 Be7 6. O-O O-O 7. Re1 Na6 8. b3
Qc8 9. Bb2 c5 10. e3 d5 11. Nbd2 Rd8 12. a3 dxc4 13. bxc4 Ne4 14. Rc1 Bf6 15.
Nb3 Qc7 16. Qc2 Rac8 17. Ne5 Ng5 18. Qe2 Bxg2 19. Kxg2 Qb7+ 20. f3 Bxe5 21.
dxe5 Rd3 22. Bc3 Nb4 23. axb4 cxb4 24. Bd4 Rxb3 25. h4 Nxf3 26. Qxf3 Qc7 27. c5
b5 28. c6 Ra3 29. Qe2 Qa5 30. Kh3 b3 31. Qb2 Qa4 32. c7 b4 33. Bc5 h5 34. Qd4
Kh7 35. Qxb4 Qxb4 36. Bxb4 Ra2 37. Bd6 a5 38. Ra1 Rxa1 39. Rxa1 Ra8 40. Rxa5
1-0

[Event "HZ Chess Tournament 2023"]
[Site "Vlissingen, Netherlands"]
[Date "2023.08.06"]
[Round "2.17"]
[White "Fleerackers, Willy"]
[Black "Rijnaarts, Sjef"]
[Result "0-1"]
[WhiteElo "1983"]
[BlackElo "2299"]
[PlyCount "128"]

1. d4 d5 2. Nf3 Nf6 3. g3 c6 4. Bg2 Bg4 5. O-O e6 6. c4 Nbd7 7. cxd5 exd5 8.
Nc3 Be7 9. Bf4 O-O 10. Qc2 Re8 11. Rad1 a5 12. h3 Bh5 13. Ne5 Nxe5 14. dxe5 Nd7
15. g4 Bg6 16. e4 Bc5 17. Nxd5 cxd5 18. Rxd5 Qc8 19. Rfd1 Re7 20. Bg5 f6 21. e6
Bxf2+ 22. Qxf2 Nf8 23. Rc5 Qe8 24. Be3 Nxe6 25. Rcd5 Nc7 26. Bb6 Nxd5 27. exd5
Re2 28. Qd4 Qd7 29. Bf3 Re5 30. d6 Bf7 31. Bc7 h5 32. Bxb7 Rae8 33. Bf3 hxg4
34. hxg4 Bxa2 35. Rd3 Be6 36. Rc3 Qf7 37. Bc6 Bd7 38. Bf3 Rg5 39. Kf2 g6 40.
Rc5 Rxc5 41. Qxc5 Re5 42. Qc3 a4 43. Ba5 Qb3 44. Qxb3+ axb3 45. Bc3 Rc5 46.
Bxf6 Kf7 47. Bd4 Rc2+ 48. Ke3 Ke6 49. Bd1 Rg2 50. Kf3 Rh2 51. Kf4 Kxd6 52. Kg5
Rh3 53. Be2 Rg3 54. Kf4 Rg2 55. Bf3 Rd2 56. Bc3 Rf2 57. Ke3 Rf1 58. g5 Bc6 59.
Bb4+ Kc7 60. Ba5+ Kd7 61. Bg4+ Kd6 62. Bb4+ Kd5 63. Ke2 Rg1 64. Bh3 Rxg5 0-1

[Event "HZ Chess Tournament 2023"]
[Site "Vlissingen, Netherlands"]
[Date "2023.08.06"]
[Round "2.18"]
[White "Eidelman, Gabriel"]
[Black "Van der Werf, Joel"]
[Result "1/2-1/2"]
[WhiteElo "2296"]
[BlackElo "1993"]
[PlyCount "93"]

1. d4 Nf6 2. c4 e6 3. Nc3 Bb4 4. Qc2 d5 5. cxd5 exd5 6. Bg5 h6 7. Bh4 g5 8. Bg3
Nc6 9. e3 h5 10. Bb5 h4 11. Be5 Rh6 12. Nge2 Kf8 13. f3 Qe7 14. a3 Bxc3+ 15.
Qxc3 Bd7 16. Bxc6 Bxc6 17. Kf2 Ne8 18. h3 Nd6 19. Bxd6 Rxd6 20. Qd3 Rc8 21. Nc3
Kg7 22. Rhe1 Re6 23. Re2 Qd6 24. Kg1 Rd8 25. Rf1 Qg3 26. Qf5 Rf6 27. Qg4 Qxg4
28. hxg4 Re6 29. Kf2 f6 30. Rc1 Re7 31. b4 Be8 32. Ke1 c6 33. a4 Bg6 34. Kd2 a6
35. a5 f5 36. gxf5 Bxf5 37. Rh1 Rh8 38. Nd1 g4 39. Nf2 g3 40. Nh3 Bxh3 41. Rxh3
Kg6 42. Re1 Kg5 43. Reh1 Rh6 44. Kd3 Rhe6 45. Re1 Rf7 46. Re2 Ref6 47. Re1
1/2-1/2

[Event "HZ Chess Tournament 2023"]
[Site "Vlissingen, Netherlands"]
[Date "2023.08.06"]
[Round "2.19"]
[White "Groen, Jari"]
[Black "Grochal, Joey"]
[Result "0-1"]
[WhiteElo "1961"]
[BlackElo "2280"]
[PlyCount "46"]

1. e4 c5 2. Nf3 e6 3. d4 cxd4 4. Nxd4 Nc6 5. Nc3 Qc7 6. Qd3 Nf6 7. Ndb5 Qb8 8.
Qg3 d6 9. Be3 Nh5 10. Qh4 g6 11. g4 Be7 12. Bg5 f6 13. Bh6 f5 14. Bg5 Ne5 15.
Be2 Nf4 16. Kf1 Bxg5 17. Qxg5 Nxe2 18. Kxe2 a6 19. Nd4 Qc7 20. Kf1 fxg4 21. Rd1
O-O 22. Kg2 Qf7 23. Rhf1 b5 0-1

[Event "HZ Chess Tournament 2023"]
[Site "Vlissingen, Netherlands"]
[Date "2023.08.06"]
[Round "2.20"]
[White "Ciolek, Andreas"]
[Black "Goudriaan, Rafael"]
[Result "0-1"]
[WhiteElo "2273"]
[BlackElo "1990"]
[PlyCount "116"]

1. d4 Nf6 2. c4 g6 3. Nc3 Bg7 4. Nf3 O-O 5. h3 d6 6. g4 c5 7. d5 e6 8. Bg2 exd5
9. cxd5 Re8 10. Nd2 h5 11. g5 Nh7 12. Nde4 Bf5 13. h4 b5 14. Ng3 Bd7 15. O-O b4
16. Nce4 Bb5 17. Bf4 Bf8 18. Qd2 a5 19. a4 Ba6 20. b3 Ra7 21. Rac1 Be7 22. Bf3
Qd7 23. Kg2 Rc7 24. Qa2 Rec8 25. Nd2 f6 26. Qb1 Kg7 27. Nge4 f5 28. Ng3 c4 29.
bxc4 Bxc4 30. Qa1+ Kg8 31. Nxc4 Rxc4 32. e3 Bf8 33. Rxc4 Rxc4 34. Be2 Bg7 35.
Qa2 Rc8 36. Bb5 Qe7 37. Ne2 Nf8 38. Rc1 Rxc1 39. Nxc1 Nbd7 40. Nb3 Qe4+ 41. f3
Qxd5 42. Qc2 Ne5 43. Bxe5 Qxe5 44. Qe2 Ne6 45. Nxa5 Kh7 46. Nc6 Qc5 47. Qd3 Qc3
48. Qxd6 Qxe3 49. Qxb4 Bf8 50. Qc4 Bd6 51. Qf1 Nf4+ 52. Kh1 Qd2 53. a5 Nd3 54.
Qg2 Qe1+ 55. Qg1 Qxh4+ 56. Kg2 Qg3+ 57. Kh1 Qh3+ 58. Qh2 Qxh2# 0-1

[Event "HZ Chess Tournament 2023"]
[Site "Vlissingen, Netherlands"]
[Date "2023.08.06"]
[Round "2.21"]
[White "Westerweele, Henrik"]
[Black "De Boer, Eelke"]
[Result "0-1"]
[WhiteElo "1948"]
[BlackElo "2270"]
[PlyCount "63"]

1. e4 c5 2. c3 Nf6 3. e5 Nd5 4. Nf3 Nc6 5. Bc4 Nb6 6. Bb3 c4 7. Bc2 d5 8. exd6
Qxd6 9. d4 cxd3 10. Qxd3 Qxd3 11. Bxd3 Bg4 12. Be4 Rc8 13. Na3 e5 14. Nc2 f6
15. Be3 Nc4 16. O-O Be6 17. b3 Nxe3 18. Nxe3 Ba3 19. Rad1 Kf7 20. Rd2 Rhd8 21.
Rfd1 Rxd2 22. Rxd2 b5 23. Nf5 Ne7 24. Nd6+ Bxd6 25. Rxd6 Rxc3 26. Kf1 Rc1+ 27.
Ke2 Ra1 28. Ra6 Bxb3 29. Rxa7 Rxa2+ 30. Rxa2 Bxa2 31. Kd2 Bd5 32. Bd3 0-1

[Event "HZ Chess Tournament 2023"]
[Site "Vlissingen, Netherlands"]
[Date "2023.08.06"]
[Round "2.22"]
[White "Van t Hoff, Tom"]
[Black "Syrov, Arkadi"]
[Result "0-1"]
[WhiteElo "1936"]
[BlackElo "2263"]
[PlyCount "108"]

1. e4 e5 2. Bc4 Nc6 3. Nc3 Nf6 4. d3 Na5 5. Bb3 Bb4 6. Nf3 Nxb3 7. axb3 d6 8.
O-O O-O 9. Bg5 Bxc3 10. bxc3 Be6 11. Bh4 Bg4 12. h3 Bxf3 13. Qxf3 g5 14. Bg3
Qe7 15. c4 a5 16. Qe2 b6 17. Bh2 Qe6 18. g4 Nd7 19. f3 h5 20. Kg2 Kg7 21. Bg1
Rh8 22. Be3 Qg6 23. Qd2 f6 24. Rh1 Nc5 25. Bxc5 dxc5 26. Qc3 Rh6 27. Rh2 hxg4
28. fxg4 Qe8 29. Ra4 Qd7 30. Rh1 Rah8 31. Raa1 Kf7 32. Kg3 Ke7 33. Kg2 Qd4 34.
Qxd4 cxd4 35. Kg3 Kd6 36. Rh2 Kc5 37. Ra4 R6h7 38. Rh1 Rh6 39. Rh2 Rf8 40. Rf2
c6 41. Rf1 Rfh8 42. Rh1 R6h7 43. Kg2 Kd6 44. Kg3 Ra8 45. Rha1 Rha7 46. b4 Kc7
47. Kg2 Kb7 48. Kg3 axb4 49. Rxa7+ Rxa7 50. Rxa7+ Kxa7 51. h4 gxh4+ 52. Kxh4 c5
53. Kh5 b5 54. Kg6 bxc4 0-1

[Event "HZ Chess Tournament 2023"]
[Site "Vlissingen, Netherlands"]
[Date "2023.08.06"]
[Round "2.23"]
[White "Voege, Tobias"]
[Black "De Wolf, Johan"]
[Result "1-0"]
[WhiteElo "2257"]
[BlackElo "1984"]
[PlyCount "49"]

1. e4 d5 2. exd5 Nf6 3. d4 Nxd5 4. c4 Nb6 5. Nf3 Bg4 6. c5 N6d7 7. Qb3 Bxf3 8.
Qxf3 c6 9. Bc4 e6 10. O-O Nf6 11. Be3 Be7 12. Nc3 O-O 13. b4 Nd5 14. Ne2 a5 15.
b5 cxb5 16. Bxb5 Nc6 17. Rab1 Bf6 18. Bc4 Ndb4 19. Qe4 Qd7 20. Rfd1 Rad8 21.
Rd2 Qe7 22. Rdb2 e5 23. d5 Nd4 24. d6 Nxe2+ 25. Bxe2 1-0

[Event "HZ Chess Tournament 2023"]
[Site "Vlissingen, Netherlands"]
[Date "2023.08.06"]
[Round "2.24"]
[White "Verweij, David"]
[Black "Elgersma, Onno"]
[Result "0-1"]
[WhiteElo "1931"]
[BlackElo "2256"]
[PlyCount "64"]

1. Nf3 d5 2. g3 Nf6 3. Bg2 e6 4. d3 c5 5. Nbd2 Be7 6. O-O Nc6 7. e4 O-O 8. Re1
Qc7 9. e5 Nd7 10. Qe2 b5 11. Nf1 Bb7 12. Bf4 Rfc8 13. h4 Qd8 14. N1h2 a5 15. h5
h6 16. Qd2 Nf8 17. Kh1 Nh7 18. Rg1 a4 19. a3 b4 20. c3 Na5 21. Rae1 Nb3 22. Qe2
bxc3 23. bxc3 c4 24. d4 Bxa3 25. g4 Be7 26. Be3 a3 27. Qa2 Qa5 28. Re2 Qxc3 29.
Rc2 Qb4 30. Bh3 Ba6 31. Rb1 Rab8 32. Bd2 c3 0-1

[Event "HZ Chess Tournament 2023"]
[Site "Vlissingen, Netherlands"]
[Date "2023.08.06"]
[Round "2.25"]
[White "Smeets, Kobe"]
[Black "Riksen, John"]
[Result "1/2-1/2"]
[WhiteElo "2245"]
[BlackElo "1981"]
[PlyCount "148"]

1. e4 c5 2. Nf3 e6 3. d4 cxd4 4. Nxd4 a6 5. Bd3 Nc6 6. Nxc6 bxc6 7. c4 Qc7 8.
O-O Nf6 9. Nc3 Bb7 10. Re1 e5 11. Qe2 h5 12. Bg5 Be7 13. Na4 Qa5 14. Qc2 c5 15.
Nc3 d6 16. Rad1 Qc7 17. Qe2 Bc6 18. Bc2 Qd7 19. h3 Rb8 20. Bb3 Ng8 21. Bxe7
Nxe7 22. f4 Ng6 23. fxe5 Nxe5 24. Qd2 Rh6 25. Qe3 Rb4 26. Nd5 Bxd5 27. exd5 Kf8
28. Rd2 h4 29. Qf2 Qe7 30. Re4 Qg5 31. Rde2 Kg8 32. Qe3 Qxe3+ 33. R2xe3 f6 34.
Rc3 g5 35. Re2 Kg7 36. a3 Rb7 37. Ba2 Rh8 38. b3 Rhb8 39. Kf2 a5 40. Rce3 Kf7
41. Ke1 Kg7 42. Kd2 Kf7 43. Kc3 Kg7 44. Rf2 Re7 45. Re4 Reb7 46. Re1 Re7 47.
Bb1 Reb7 48. Rb2 Re7 49. Bf5 Reb7 50. Reb1 Rc7 51. Rf2 Rcb7 52. Re2 Ra7 53. Re3
Re7 54. b4 axb4+ 55. axb4 cxb4+ 56. Rxb4 Rxb4 57. Kxb4 Rb7+ 58. Kc3 Rc7 59. Bd3
f5 60. Rxe5 dxe5 61. Bxf5 Kf6 62. d6 Rc6 63. d7 Ke7 64. Kd3 Rd6+ 65. Ke4 Rd4+
66. Kxe5 Rxc4 67. d8=Q+ Kxd8 68. Kf6 Rc5 69. Kxg5 Ke7 70. Kg4 Kf6 71. Bd3 Rc3
72. Be2 Rc2 73. Bf1 Rf2 74. Bc4 Rxg2+ 1/2-1/2

[Event "HZ Chess Tournament 2023"]
[Site "Vlissingen, Netherlands"]
[Date "2023.08.06"]
[Round "2.26"]
[White "Bezemer, Arno"]
[Black "Kliashtornyi, Arkadii"]
[Result "1-0"]
[WhiteElo "2223"]
[BlackElo "1975"]
[PlyCount "53"]

1. d4 d5 2. c4 c6 3. Nf3 Nf6 4. Nc3 a6 5. e3 b5 6. b3 Bg4 7. h3 Bxf3 8. Qxf3 e6
9. Qd1 Bb4 10. Bd2 Nbd7 11. Be2 Bxc3 12. Bxc3 Ne4 13. Rc1 Qh4 14. O-O h5 15.
cxd5 cxd5 16. Bb4 Rh6 17. Qc2 f5 18. Qc6 Rb8 19. Qxa6 Ng5 20. Rc8+ Kf7 21. Qa7
Rxc8 22. Qxd7+ Kg6 23. Qxc8 Nxh3+ 24. gxh3 Qxh3 25. Qc7 Kh7 26. Qh2 Rg6+ 27.
Kh1 1-0

[Event "HZ Chess Tournament 2023"]
[Site "Vlissingen, Netherlands"]
[Date "2023.08.06"]
[Round "2.27"]
[White "Van Foreest, Nanne"]
[Black "Labruyere, Roger"]
[Result "0-1"]
[WhiteElo "1911"]
[BlackElo "2207"]
[PlyCount "58"]

1. e4 c5 2. c3 d5 3. exd5 Qxd5 4. Nf3 e5 5. d4 cxd4 6. cxd4 exd4 7. Qxd4 Qe6+
8. Be2 Nc6 9. Qe3 Bb4+ 10. Kf1 Nf6 11. g3 Qxe3 12. Bxe3 Bh3+ 13. Kg1 O-O-O 14.
Ng5 Bg4 15. Bxg4+ Nxg4 16. Nxf7 Rd1+ 17. Kg2 Nxe3+ 18. fxe3 Rxh1 19. Kxh1 Rf8
20. Ng5 Rf1+ 21. Kg2 Rc1 22. Ne4 Ne5 23. a3 Be7 24. Ned2 Bf6 25. Ra2 Rc2 26.
Kf2 Nd3+ 27. Kf3 Nc1 28. Ra1 Bxb2 29. Ke4 Bxa1 0-1

[Event "HZ Chess Tournament 2023"]
[Site "Vlissingen, Netherlands"]
[Date "2023.08.06"]
[Round "2.28"]
[White "Smeets, Sjo"]
[Black "Duijker, Rick"]
[Result "0-1"]
[WhiteElo "1901"]
[BlackElo "2198"]
[PlyCount "54"]

1. e4 c5 2. Nc3 Nc6 3. f4 e6 4. Nf3 d5 5. exd5 exd5 6. Bb5 Nf6 7. O-O Be7 8.
Ne5 Qc7 9. Re1 O-O 10. Bxc6 bxc6 11. d3 Re8 12. Bd2 Bd6 13. Qf3 Bf5 14. h3 d4
15. Ne2 Be6 16. Ng3 Bd5 17. Qf2 Rab8 18. b3 Re6 19. c4 dxc3 20. Bxc3 Rbe8 21.
Nf5 Bf8 22. Qg3 g6 23. Ng4 Rxe1+ 24. Rxe1 Rxe1+ 25. Qxe1 Nxg4 26. hxg4 gxf5 27.
Qh4 Qe7 0-1

[Event "HZ Chess Tournament 2023"]
[Site "Vlissingen, Netherlands"]
[Date "2023.08.06"]
[Round "2.29"]
[White "Provoost, Simon"]
[Black "Van der Borgt, Peter"]
[Result "1-0"]
[WhiteElo "2198"]
[BlackElo "1950"]
[PlyCount "81"]

1. d4 d5 2. Nf3 c6 3. Bf4 Nf6 4. e3 g6 5. Nbd2 Bg7 6. Bd3 O-O 7. Ne5 Nbd7 8. h4
Nxe5 9. Bxe5 Ng4 10. Bxg7 Kxg7 11. h5 e5 12. Be2 Qg5 13. Nf3 Qf5 14. dxe5 Nxe5
15. Qd4 f6 16. hxg6 hxg6 17. Qh4 Qh5 18. Qxh5 gxh5 19. Rxh5 Bg4 20. Rh1 Rh8 21.
Kd2 Rag8 22. Nxe5 Bxe2 23. Nd7 Bg4 24. Nc5 Bc8 25. Nd3 Rh6 26. Rxh6 Kxh6 27.
Nf4 Rg5 28. b4 Kg7 29. Rh1 a6 30. a4 Bd7 31. a5 Bc8 32. Kc3 Re5 33. Nd3 Rg5 34.
Rh2 Bf5 35. Nf4 Bc8 36. Kd4 Re5 37. f3 Bf5 38. Rh5 Bxc2 39. Rxe5 fxe5+ 40. Kxe5
Bb3 41. Ne6+ 1-0

[Event "HZ Chess Tournament 2023"]
[Site "Vlissingen, Netherlands"]
[Date "2023.08.06"]
[Round "2.30"]
[White "Van de Braak, Joey"]
[Black "Lommers, Frank"]
[Result "0-1"]
[WhiteElo "1899"]
[BlackElo "2190"]
[PlyCount "114"]

1. c4 e6 2. Nf3 d5 3. g3 c5 4. Bg2 Nc6 5. O-O d4 6. d3 a5 7. Na3 Bd6 8. Nb5
Nge7 9. Re1 O-O 10. e3 e5 11. exd4 cxd4 12. Nxd6 Qxd6 13. Qe2 f6 14. a3 Bg4 15.
h3 Bh5 16. g4 Bf7 17. Kh1 Rae8 18. b4 axb4 19. axb4 Qxb4 20. Ba3 Qb6 21. Reb1
Qc7 22. Nd2 Rb8 23. Ne4 Rfd8 24. Qb2 b6 25. Qb5 Kh8 26. Bxe7 Nxe7 27. Ra6 Ng6
28. Rxb6 Rxb6 29. Qxb6 Qxb6 30. Rxb6 h5 31. Kh2 Nf4 32. Nd6 Be6 33. Be4 hxg4
34. hxg4 g6 35. Kg3 Kg7 36. Rb7+ Kh6 37. Nf7+ Bxf7 38. Rxf7 Kg5 39. Rh7 f5 40.
gxf5 gxf5 41. Bb7 Nxd3 42. f3 Nc5 43. Bd5 Rb8 44. Re7 Nd3 45. Rg7+ Kf6 46. Rf7+
Kg6 47. Re7 Rb3 48. c5 Rc3 49. c6 Nb4 50. Re6+ Kg5 51. Rxe5 d3 52. f4+ Kf6 53.
Kf3 d2+ 54. Ke2 Rd3 55. Bb3 Rxb3 56. Rc5 Rd3 57. Kd1 Nd5 0-1

[Event "HZ Chess Tournament 2023"]
[Site "Vlissingen, Netherlands"]
[Date "2023.08.06"]
[Round "2.31"]
[White "Honkoop, Gilian"]
[Black "De Zoeten, Cato"]
[Result "1-0"]
[WhiteElo "2183"]
[BlackElo "1942"]
[PlyCount "43"]

1. d4 Nf6 2. c4 g6 3. Nc3 Bg7 4. e4 d6 5. Nf3 O-O 6. Be2 e5 7. O-O Nc6 8. d5
Ne7 9. b4 a5 10. bxa5 Rxa5 11. a4 Ra8 12. Ba3 Ne8 13. c5 f5 14. Ng5 dxc5 15.
Bxc5 Nd6 16. Qb3 Kh8 17. Rad1 f4 18. Nb5 f3 19. Bxf3 Nxb5 20. axb5 b6 21. Bb4
Rf6 22. d6 1-0

[Event "HZ Chess Tournament 2023"]
[Site "Vlissingen, Netherlands"]
[Date "2023.08.06"]
[Round "2.32"]
[White "Van Dijkhuizen, Robbert"]
[Black "Van Baar, Esper"]
[Result "0-1"]
[WhiteElo "1897"]
[BlackElo "2179"]
[PlyCount "56"]

1. d4 d5 2. c4 c6 3. Nc3 Nf6 4. Nf3 e6 5. e3 Nbd7 6. Qc2 Bd6 7. Bd3 dxc4 8.
Bxc4 b5 9. Bd3 Bb7 10. O-O O-O 11. Rd1 Qe7 12. e4 e5 13. Bg5 h6 14. Bh4 Rac8
15. Rac1 a6 16. Qe2 Rfe8 17. dxe5 Nxe5 18. Nxe5 Bxe5 19. f3 Qc7 20. Bxf6 Bxf6
21. Nd5 Bd4+ 22. Kh1 Qe5 23. f4 Qb8 24. Ne3 Qxf4 25. Nf5 Be5 26. g3 Qg5 27. Bb1
c5 28. h4 Qxf5 0-1

[Event "HZ Chess Tournament 2023"]
[Site "Vlissingen, Netherlands"]
[Date "2023.08.06"]
[Round "2.33"]
[White "Woltery, Nicolai"]
[Black "Weber, Dirk"]
[Result "1/2-1/2"]
[WhiteElo "1894"]
[BlackElo "2151"]
[PlyCount "89"]

1. c4 Nf6 2. Nc3 c5 3. g3 e6 4. Nf3 b6 5. Bg2 Bb7 6. O-O Be7 7. d4 cxd4 8. Qxd4
O-O 9. Bf4 d6 10. Qd2 Qc8 11. b3 Rd8 12. Rac1 Nbd7 13. Rfd1 Ne5 14. Bg5 Nxf3+
15. Bxf3 Bxf3 16. exf3 Qb7 17. Qe2 h6 18. Bf4 Rac8 19. Rc2 a6 20. Ne4 d5 21.
Nxf6+ Bxf6 22. Rcd2 dxc4 23. Rxd8+ Bxd8 24. bxc4 Bf6 25. Be3 Qc6 26. Rc1 Be7
27. Kg2 Bg5 28. Bxg5 hxg5 29. Rb1 g4 30. h3 gxf3+ 31. Qxf3 Qxc4 32. Rxb6 Qxa2
33. Qb7 Qd5+ 34. Qxd5 exd5 35. Rxa6 f6 36. Rd6 Rc5 37. Rd7 Kf8 38. Kf3 g6 39.
Ke3 Ke8 40. Rg7 g5 41. h4 gxh4 42. gxh4 Rc4 43. Rh7 Kf8 44. h5 Rh4 45. h6
1/2-1/2

[Event "HZ Chess Tournament 2023"]
[Site "Vlissingen, Netherlands"]
[Date "2023.08.06"]
[Round "2.34"]
[White "Duson, Robin"]
[Black "Oostvogels, Niek"]
[Result "0-1"]
[WhiteElo "2140"]
[BlackElo "1933"]
[PlyCount "84"]

1. d4 d5 2. c4 e6 3. Nc3 Nf6 4. cxd5 exd5 5. Bg5 Be7 6. e3 Nbd7 7. Bd3 c6 8.
Qc2 O-O 9. Nf3 Re8 10. O-O Nf8 11. h3 Be6 12. Ne5 N6d7 13. Bxe7 Qxe7 14. f4 f6
15. Nf3 Rac8 16. Rae1 Qd6 17. Qf2 c5 18. Bb1 Bf7 19. Rd1 Nb6 20. e4 dxe4 21.
Nxe4 Qxf4 22. dxc5 Nc4 23. Nd6 Nxd6 24. cxd6 Rcd8 25. Rd4 Qe3 26. Rfd1 Qxf2+
27. Kxf2 Ne6 28. Ra4 a6 29. Rb4 Rd7 30. Rb6 Nd8 31. Bc2 Bc4 32. Ba4 Bb5 33.
Bxb5 axb5 34. Nd4 Re5 35. Nxb5 Nc6 36. Nc7 Rf5+ 37. Kg3 Ne5 38. Rxb7 Rg5+ 39.
Kh2 Nc4 40. Rb8+ Kf7 41. b4 Ne3 42. Rd2 Nf1+ 0-1

[Event "HZ Chess Tournament 2023"]
[Site "Vlissingen, Netherlands"]
[Date "2023.08.06"]
[Round "2.35"]
[White "Skutta, Bernd"]
[Black "Krasenkowa, Elena"]
[Result "1-0"]
[WhiteElo "1892"]
[BlackElo "2137"]
[PlyCount "103"]

1. e4 g6 2. d4 Bg7 3. Nc3 c6 4. Be3 d5 5. e5 f6 6. f4 Qb6 7. Na4 Qc7 8. Bd3 Nh6
9. Nf3 a5 10. Qd2 Na6 11. a3 b5 12. Nc3 O-O 13. O-O Ng4 14. Nd1 Bd7 15. h3 Nxe3
16. Nxe3 f5 17. h4 e6 18. h5 Bh6 19. hxg6 hxg6 20. Nh4 g5 21. fxg5 Bxg5 22. Qf2
Rf7 23. Rae1 Rg7 24. Nexf5 exf5 25. e6 Bxh4 26. Qxh4 Be8 27. Bxf5 Qe7 28. Qh6
Nc7 29. Re3 Bh5 30. Qxh5 Qg5 31. Qxg5 Rxg5 32. e7 c5 33. Bd7 cxd4 34. Ref3 Re5
35. Rf8+ Kg7 36. R1f7+ Kg6 37. Bf5+ Kg5 38. Rg7+ Kf4 39. Bd7+ Ke3 40. Rxa8 Nxa8
41. e8=Q Rxe8 42. Bxe8 Nb6 43. Bxb5 Kd2 44. Rc7 Kc1 45. b3 Kb2 46. a4 Ka3 47.
g4 d3 48. Bxd3 d4 49. Be4 Kb4 50. g5 d3 51. cxd3 Kxb3 52. Rb7 1-0

[Event "HZ Chess Tournament 2023"]
[Site "Vlissingen, Netherlands"]
[Date "2023.08.06"]
[Round "2.36"]
[White "Boelhouwer, Collin"]
[Black "Van Egmond, Tom"]
[Result "1-0"]
[WhiteElo "2134"]
[BlackElo "1899"]
[PlyCount "111"]

1. e4 c5 2. Nf3 d6 3. d4 cxd4 4. Qxd4 Nc6 5. Bb5 Bd7 6. Qd3 Nf6 7. c4 g6 8. Nc3
Bg7 9. O-O O-O 10. h3 a6 11. Bxc6 Bxc6 12. Nd4 Bd7 13. Be3 Rb8 14. a4 e6 15.
Rfd1 Rc8 16. b3 Qa5 17. Rac1 Rfe8 18. Qb1 Qb4 19. Nde2 Bc6 20. Na2 Qa5 21. Nec3
Qc7 22. f3 Rcd8 23. Bf2 Qb8 24. Nb4 a5 25. Nba2 b6 26. Bg3 Nh5 27. Bh4 Rd7 28.
Nb5 Nf4 29. Rc2 d5 30. cxd5 Bxb5 31. axb5 exd5 32. Rcd2 Qc7 33. Bf2 d4 34. Nc1
Qc5 35. Nd3 Qg5 36. Nxf4 Qxf4 37. Qd3 Rc8 38. g3 Qe5 39. f4 Qc5 40. e5 Rcd8 41.
Qc4 Bf8 42. Rxd4 Qxc4 43. bxc4 Rxd4 44. Rxd4 Ra8 45. Rd2 Bc5 46. Bxc5 bxc5 47.
Kf2 a4 48. Ra2 Kf8 49. Ke3 Ke7 50. Ke4 Ke6 51. g4 a3 52. f5+ gxf5+ 53. gxf5+
Kd7 54. Kd5 Rc8 55. Rxa3 Rc7 56. b6 1-0

[Event "HZ Chess Tournament 2023"]
[Site "Vlissingen, Netherlands"]
[Date "2023.08.06"]
[Round "2.37"]
[White "Sparenberg, Erik"]
[Black "Koppelaar, Victor"]
[Result "1-0"]
[WhiteElo "2128"]
[BlackElo "1897"]
[PlyCount "91"]

1. e4 e6 2. d4 d5 3. exd5 exd5 4. Nf3 Nf6 5. Bd3 Be7 6. O-O h6 7. Re1 O-O 8.
Nbd2 Be6 9. Nf1 c5 10. c3 Nc6 11. dxc5 Bxc5 12. Be3 Bxe3 13. Nxe3 Qd7 14. Bc2
Rad8 15. Nd4 Rfe8 16. Rc1 Bg4 17. f3 Bh5 18. Qd2 Bg6 19. Bxg6 fxg6 20. Rcd1 a6
21. Nxc6 bxc6 22. Nc2 Kf7 23. Qd4 Qc7 24. b4 a5 25. a3 axb4 26. axb4 Rxe1+ 27.
Nxe1 Re8 28. Nd3 g5 29. Re1 Rxe1+ 30. Nxe1 Qe7 31. Kf2 Qe6 32. Nd3 Nd7 33. h3
Qf6 34. Ke3 Qe6+ 35. Kd2 Qd6 36. Qg4 c5 37. Qf5+ Ke7 38. bxc5 Nxc5 39. Nb4 d4
40. Nd5+ Kd8 41. cxd4 Nb3+ 42. Kc3 Qa3 43. Qe5 Na5+ 44. Kc2 Qb3+ 45. Kc1 Qa3+
46. Kd1 1-0

[Event "HZ Chess Tournament 2023"]
[Site "Vlissingen, Netherlands"]
[Date "2023.08.06"]
[Round "2.38"]
[White "Fischer, Gert"]
[Black "Vandevenne, Sander"]
[Result "1/2-1/2"]
[WhiteElo "1890"]
[BlackElo "2125"]
[PlyCount "87"]

1. Nf3 e6 2. g3 Nf6 3. Bg2 d5 4. O-O g6 5. b3 Bg7 6. Bb2 O-O 7. d3 Nbd7 8. Nbd2
b6 9. c4 Bb7 10. Qc2 c5 11. e3 Rc8 12. Rac1 Qe7 13. Ne5 Rfd8 14. Ndf3 a6 15.
Qb1 b5 16. Rfd1 Nb6 17. Qa1 Ne8 18. d4 dxc4 19. dxc5 Qxc5 20. Bd4 Qc7 21. bxc4
Nxc4 22. Nxc4 bxc4 23. Bxg7 Nxg7 24. Rc3 Ne8 25. Rd4 Rxd4 26. Nxd4 Bxg2 27.
Kxg2 Nd6 28. f3 Qa5 29. Rc2 Qa4 30. Qc1 h5 31. Ne2 Nf5 32. Kf2 Qb4 33. Qb2 Qc5
34. Qc3 e5 35. g4 hxg4 36. fxg4 Nd6 37. Ng3 Qd5 38. Rd2 Ne4+ 39. Nxe4 Qxe4 40.
Kg3 Rb8 41. Rd1 Rb5 42. Qa3 Rb6 43. Rd8+ Kh7 44. Rh8+ 1/2-1/2